|
|
|
|
| LEADER |
00000nab a2200000 a 4500 |
| 001 |
vtls008184920 |
| 003 |
SK-MaSNL |
| 005 |
20260303223825.0 |
| 008 |
160314c2005 xo |||||||| 000 b|hun |
| 015 |
|
|
|a SNBRB2005/07
|2 snkbucl
|
| 038 |
|
|
|a SNKBUCL
|
| 040 |
|
|
|a DSZK
|b slo
|c DSZK
|e AACR2
|
| 041 |
0 |
|
|a slo
|
| 044 |
|
|
|a xo
|c SK
|
| 080 |
|
|
|a 821.511.141 (437.6)-32=511.141
|2 UDC-MRF-SK2
|
| 100 |
1 |
|
|a Bárczi, Zsófia,
|d 1973-
|4 aut
|9 109427
|
| 245 |
1 |
3 |
|a Az élet értelme
|c Bárczi Zsófia
|
| 500 |
|
|
|a Autorka bola vyznamenaná Literárnou cenou Posonium za rok 2005
|
| 500 |
|
|
|a Poviedka je zo zbierky A keselyű hava
|
| 650 |
0 |
7 |
|a psychologické poviedky, maďarské
|x úryvky
|2 snkbucl
|9 1082079
|
| 773 |
0 |
|
|t Szabad újság
|g Évf. XIII, sz. 25 (2005), o. 16
|x 1335-6631
|
| 852 |
|
|
|a SNK
|b KIS3GCP
|
| 852 |
|
|
|a DSZK
|b KIS3GCP
|
| 958 |
|
|
|a HU
|
| 958 |
|
|
|a SK
|
| 958 |
|
|
|a LX
|
| 999 |
|
|
|c 2249458
|d 2251388
|